000 00945nam0a22002771 4500
001 rc\4140595
005 20250611003836.0
021 _aRU
_b[53-41879]
035 _a(NLR Aleph) 007988933
090 _a8567096
_c8567096
100 _a20130415d1953 |||y0rusy50 ca
101 0 _arus
102 _aRU
105 _ay z |||||
200 1 _aПесни гафиза
_f[Записал Я. Нальский]
210 _aСталинабад
_cТаджикгосиздат
_d1953
215 _a40 с.
_d17
225 1 _aБиблиотека советских писателей Таджикистана
300 _aПеред загл. авт.: Хикмат Ризо, нар. певец и сказитель Таджикистана
700 1 _aРизо
_bХ.
_gХикмат
702 1 _aНальский
_bЯ.
_4570
801 0 _aRU
_bNLR
_gpsbo
801 1 _aRU
_bELAR
_2rusmarc
852 _aNLR
_jЛ20 Г-2/236
942 _cBOOK
980 _aNB